| 000 | 00849cam a2200253 a 4500 | ||
|---|---|---|---|
| 001 | 24867 | ||
| 003 | BD-RjUL | ||
| 005 | 20211209001117.0 | ||
| 008 | 140315s1955 nyuafc 001 0 eng d | ||
| 035 | _a(BD-RjUL)24936 | ||
| 040 |
_aBD-RjUL _beng _cBD-RjUL _dBD-RjUL |
||
| 041 | _aeng | ||
| 082 |
_a942.06 _bWEK |
||
| 100 | 1 |
_aWedgwood, C. V. _q(Cicely Veronica), _d1910-1997. _958218 |
|
| 245 | 1 | 4 |
_aThe king's peace, 1637-1641 / _cby C.V. Wedgwood. |
| 260 |
_aNew York : _bMacmillan, _cc1955. |
||
| 300 |
_a510 p, [10] leaves of plates : _bill., ports. ; _c21 cm. |
||
| 504 | _aIncludes bibliographical notes and index. | ||
| 651 | 0 |
_aGreat Britain _xHistory _yCharles I, 1625-1649. _975958 |
|
| 651 | 0 |
_aGreat Britain _xHistory _yCivil War, 1642-1649 _xCauses. _974222 |
|
| 830 | 0 |
_v1 _976541 |
|
| 830 | 0 |
_aGreat rebellion ; _976543 |
|
| 942 |
_2ddc _cBK |
||
| 999 |
_c24867 _d24867 |
||